000 nam a22 a 4500
999 _c1026
_d1026
003 AKMAL
005 20170508105928.0
008 170508s1994 my 00 may d
020 _a9676104086 (kkt.):
_cRM 5.80
040 _aAKMAL
_cAKMAL
049 _amal
082 0 4 _a297.19785 MUS
090 _a297.19785
_bMUS
100 _aMustafa Haji Daud
_91904
245 1 0 _aPerniagaan menurut Islam /
_cMustafa Haji Daud
260 _aKuala Lumpur :
_bUtusan Publications & Distributiors,
_c1994
300 _a78ms. ;
_c22cm
650 _aBusiness
_xReligious aspects
_xIslam
_92143
650 _aEconomics
_xReligious aspects
_xIslam
_92144
942 _2ddc
_cBOOK